000 00853 a2200241 4500
003 CBULib
005 20240131091446.0
008 240125b |||||||| |||| 00| 0 eng d
040 _aCBULib
_bEnglish
_cCBULib
_erda
041 _aeng
050 _aCBU-PHD THESIS/NGA
100 _aNg’andwe, Phillimon
_92414
245 _aTree growth modeling and its importance in resilience and productivity trajectory of forest plantations in Zambia
_c/ by Phillimon Ng'andwe
260 _bCopperbelt University,
_c2021.
_aKitwe :
300 _axx,254 pages : illustrations
336 _2rdacontent
_aText |
_btxt
337 _2rdamedia
_aUnmediated |
_bn
338 _2rdacarrier
_aVolume
_bnc
500 _aincludes bibliographical references and appendices
650 0 _92415
_aTREE GROWTH MODELING
650 0 _92416
_aFOREST PLANTATION
942 _2lcc
_c030
999 _c84107
_d84107